Statistics for Countries With The Most McDonalds

Click here to take the quiz!

General Stats

  • This quiz has been taken 588 times
  • The average score is 22 of 30

Answer Stats

No. of RestaurantsCountry% Correct
12,804United States
100%
1115United Kingdom
98%
1154Canada
96%
326China
94%
857France
93%
1091Germany
93%
3598Japan
93%
205Mexico
89%
276Spain
89%
701Australia
88%
290Italy
86%
227Sweden
77%
181Poland
76%
91Portugal
75%
149New Zealand
74%
205Netherlands
71%
243South Korea
71%
148Austria
69%
64Belgium
68%
93Finland
68%
75Indonesia
66%
99Denmark
64%
119Switzerland
64%
88Thailand
64%
133Turkey
64%
139Malaysia
55%
235Philippines
52%
76Hungary
47%
338Taiwan
47%
121Singapore
43%

Score Distribution

Percentile by Number Answered

Percent of People with Each Score

Your Score History

You have not taken this quiz